It looks like you're offline.
Open Library logo
additional options menu

MARC Record from OpenLibraries-Trent-MARCs

Record ID OpenLibraries-Trent-MARCs/diff_20181207-multis.mrc:12913877:1361
Source OpenLibraries-Trent-MARCs
Download Link /show-records/OpenLibraries-Trent-MARCs/diff_20181207-multis.mrc:12913877:1361?format=raw

LEADER: 01361cam 2200361Ma 4500
005 20150130132011.0
008 130226r20082007nyua j 000 1 eng d
035 $a(Sirsi) i9780316166713
040 $aCNSPL$cCNSPL$dOCLCO
020 $a9780316166713
020 $a0316166715
035 $aG14-579
040 $aOPET$beng
082 04 $a[Fic]$222
082 14 $a[Fic]$214
082 04 $a813.6$222
100 1 $aCarman, Patrick.
245 14 $aThe house of power /$cPatrick Carman.
246 30 $aAtherton.$nBook 1,$pThe house of power
260 $aNew York :$bLittle, Brown Books for Young Readers,$c2008, ℗♭2007.
300 $a360 p. :$bill. ;$c20 cm.
490 1 $aAtherton ;$vbk. 1
500 $aDON845/2015
520 $aYoung Edgar finds a book that reveals secrets about Atherton, the strictly divided world on which he lives, even as geological changes threaten to shift the power structure that allows an elite few to live off the labor of others.
650 0 $aSocial classes$vFiction.
650 0 $aFriendship$vFiction.
650 0 $aEarthquakes$vFiction.
650 0 $aOrphans$vFiction.
655 00 $aYoung adult fiction.
655 00 $aScience fiction.
800 1 $aCarman, Patrick.$tAtherton ;$vbk. 1.
999 $aPZ 7 .C2169 H64 2008 CURRIC$wAUTO$c1$i0116411339413$lBRICWEED$mBATA$rY$sY$tCURRIC$u1/30/2015$22018-CRIC
001 0116411339413